| 000 | 00415nam a22001697a 4500 | ||
|---|---|---|---|
| 003 | NUST - PNEC | ||
| 005 | 20170116181156.0 | ||
| 008 | 160112b xxu||||| |||| 00| 0 eng d | ||
| 020 | _a- | ||
| 040 | _cLIBRARY | ||
| 082 | _a891.4393 SAL | ||
| 100 |
_915910 _aSaleem Ahmed |
||
| 245 |
_aIqbal ek shair _cSaleem Ahmed |
||
| 260 |
_aLahore: _c1987 |
||
| 650 |
_915911 _aUrdu Literature _xGeneral |
||
| 942 |
_2ddc _cBK |
||
| 999 |
_c71202 _d71202 |
||